| 000 | 00392pam a2200157a 44500 | ||
|---|---|---|---|
| 008 | 230515b1983 xxu||||| |||| 00| 0 eng d | ||
| 020 | _aNULL | ||
| 041 | _aENGLISH | ||
| 082 | _a630 | ||
| 100 | _a1239 1982 | ||
| 245 | _aSPECIFICATION FOR MILD STEEL TUBES TABULAR AND OTHER WROUGHT STEEL FITTINGS PART II | ||
| 250 | _a0 | ||
| 260 |
_aDELHI _bISI _c1983 |
||
| 300 | _a16 | ||
| 650 | _aNULL | ||
| 999 |
_c652252 _d652252 |
||